000 00709nam a22002057a 4500
003 OSt
005 20251125165806.0
008 251125b |||||||| |||| 00| 0 eng d
020 _a 978-621-416-100-3
040 _aDWC-Main lib
_cOC
082 _22021 edition
_aFil. 657.42 C112c 2021
100 _aCabrera, Ma. Elenita Balatbat
245 _aCost accounting and control/
_cMa. Elenita Balatbat Cabrera
250 _a 2021 edition
260 _aManila, Philippines :
_bGIC enterprises & co. inc.,
_cc2021.
300 _aviii, 460 pages :
_billustrations ;
_c 23cm.
504 _aIncludes Bibliographical references
650 _a1. Cost Accounting
942 _2ddc
_cBK - FIL
_e2021 edition
_kFil.
_n0
999 _c6324
_d6324